000 00912nas a2200265 i 4500
001 191
003 ES-MaACL
005 20250806085351.0
007 t|
008 950801c1885 xxu | | 1 ||ng d
080 _a73
245 0 0 _aAnnals of surgery
_b: a monthly review of surgical science and practice.
260 _aPhiladelphia :
_bJ.B. Lippincott Company,
_c1885- (
_eBuenos Aires :
_fEdit. Guillermo Kraft)
300 _a45 v. ;
_c26 cm.
310 _aMensual
362 1 _aVol. 1 (Jan. 1885)-
500 _aDesde 1942 se recibe la versión castellana con el tít. : Anales de cirugía.
650 1 7 _aCirugía
_2embne
_911050
700 1 _aPilcher, Lewis Stephen,
_9227395
785 0 0 _aAnales de cirugía
_d1942
852 _aES-MaACL
_jHEM-252
866 0 _o1917(1918f.jun.y oct.)1919-33(1934f.jul.)(1935)(1936f.oct.),(1942)1943-45(1946).
942 _2udc
999 _c191
_d191